Macroeconomics : (Record no. 64682)

MARC details
000 -LEADER
fixed length control field 00801nam a22002417a 4500
005 - DATE AND TIME OF LATEST TRANSACTION
control field 20130711164431.0
010 ## - LCCN (DPL NO)
LC control number ENG-104951
020 ## - INTERNATIONAL STANDARD BOOK NUMBER
International Standard Book Number 9788185044798
Terms of availability 285.00
020 ## - INTERNATIONAL STANDARD BOOK NUMBER
International Standard Book Number 8185044791
Terms of availability 285.00
035 ## - SYSTEM CONTROL NUMBER
System control number EN-88484
035 ## - SYSTEM CONTROL NUMBER
System control number B-490993-996
037 ## - SOURCE OF ACQUISITION
Source of stock number/acquisition DBAD/PUB
037 ## - SOURCE OF ACQUISITION
Source of stock number/acquisition Ocean Books/Ven
082 ## - DEWEY DECIMAL CLASSIFICATION NUMBER
Classification number 339
100 ## - MAIN ENTRY--PERSONAL NAME
Personal name Raj Kumar
245 ## - TITLE STATEMENT
Title Macroeconomics :
Statement of responsibility, etc by Raj Kumar
Remainder of title theory, analysis and policy /
260 ## - PUBLICATION, DISTRIBUTION, ETC. (IMPRINT)
Place of publication, distribution, etc New Delhi
Name of publisher, distributor, etc UDH Publishers & Distributors
Date of publication, distribution, etc 2010
270 ## - ADDRESS
Address 4762-63, Ansari Road, Darya Ganj
City New Delhi
Postal code 110002
300 ## - PHYSICAL DESCRIPTION
Extent xvi,536p. :
Other physical details ill.
Dimensions 24cm(pbk)
500 ## - GENERAL NOTE
General note Includes index
942 ## - ADDED ENTRY ELEMENTS (KOHA)
Source of classification or shelving scheme Dewey Decimal Classification
Item type English Books
Call number suffix RAJ
Classification part 339
Holdings
Withdrawn status Lost status Not for loan Collection code Home library Current library Date acquired Source of acquisition Cost, normal purchase price Full call number Barcode Copy number Cost, replacement price Koha item type
    Not For Loan Non-fiction D.B.Act.Division D.B.Act.Division 04/04/2012 DBAD/PUB 285.00 339 RAJ EN-88484 1 285.00 English Books
      Non-fiction Sarojini Nagar Sarojini Nagar 11/07/2013 Ocean Books/19319/07.01.2013/124/18.12.2012/18.01.2013 285.00 339 RAJ B-490993 1 285.00 English Books
      Non-fiction Shahdara Branch Shahdara Branch 11/07/2013 Ocean Books/19319/07.01.2013/124/18.12.2012/18.01.2013 285.00 339 RAJ B-490995 1 285.00 English Books
      Non-fiction Vinoba Puri Vinoba Puri 11/07/2013 Ocean Books/19319/07.01.2013/124/18.12.2012/18.01.2013 285.00 339 RAJ B-490994 1 285.00 English Books
      Non-fiction Yojana Vihar Yojana Vihar 11/07/2013 Ocean Books/19319/07.01.2013/124/18.12.2012/18.01.2013 285.00 339 RAJ B-490996 1 285.00 English Books

© Delhi Public Library
Hit Counter
free hit counter